000 00345nam a2200133Ia 4500
005 20251222155103.0
008 251222s9999||||xx |||||||||||||| ||spa||
082 _aEDUM.128
100 _aJOSE FLORES BARBOZA
245 0 _aEl estudio de casos una estrategia didactica siempre vigente
250 _a1ra. ed.
264 _bDesireƩ
942 _cLIB
999 _c37735
_d37735